| 000 | 00902nam a2200253 4500 | ||
|---|---|---|---|
| 001 | 144951 | ||
| 003 | ES-MaACL | ||
| 005 | 20250815032118.0 | ||
| 007 | t| | ||
| 008 | 070214s1972 sp r ||||1| spa d | ||
| 080 | _a296:282"00/03" | ||
| 080 | _a282:296"00/03" | ||
| 100 | 1 |
_aSimon, Marcel. _9106525 |
|
| 245 | 1 | 3 |
_aEl judaísmo y el cristianismo antiguo _b: de Antíoco Epífanes a Coonstantino / _cMarcel Simon, André Benoit ; traducción de Irene Castells. |
| 260 |
_aBarcelona : _bLabor, _c1972. |
||
| 300 |
_aXIX, 305 p. ; _c20 cm. |
||
| 490 | 1 |
_aColección Nueva Clío. La Historia y sus Problemas ; _v10 |
|
| 650 | 4 |
_aCristianismo y judaísmo. _911435 |
|
| 700 | 1 |
_aBenoit, André. _927752 |
|
| 700 | 1 |
_aCastells, Irene. _936587 |
|
| 830 | 0 | 0 |
_aColección Nueva Clío. _pLa historia y sus problemas _v10 _9220722 |
| 852 |
_aES-MaACL _jE-8383 _bR.92701 |
||
| 999 |
_c144951 _d144951 |
||